000 00501nam a2200205Ia 4500
005 20240823040738.0
008 240823s9999||||xx |||||||||||||| ||und||
020 _a978-93-80026-52-7
041 _aENGLISH
082 _A660.6 P9
100 _aUlhas K Patil
245 0 _aEssentials of Biotechnology
250 _a1st
260 _c2009
_bI K International Pub.
500 _aYES
650 _aBiotechnology
_bBio Medical Engg.
700 _a Kalyani Muskan
942 _cBK
999 _c203848
_d203848